ՄԱՅՐ ԱԹՈՌ ՍՈՒՐԲ ԷՋՄԻԱԾԻՆ

«ՎԱՉԵ ԵՎ ԹԱՄԱՐ ՄԱՆՈՒԿՅԱՆ» ՄԱՏԵՆԱԴԱՐԱՆ

Հայ ժողովրդական հարստություններն արտասահմանում : (Record no. 75420)

MARC details
000 -LEADER
fixed length control field 01026nam a22002297a 4500
003 - CONTROL NUMBER IDENTIFIER
control field SEM
005 - DATE AND TIME OF LATEST TRANSACTION
control field 20250709171903.0
008 - FIXED-LENGTH DATA ELEMENTS--GENERAL INFORMATION
fixed length control field 241107s1928 ru ||||gr||||||01|0|arm|d
040 ## - CATALOGING SOURCE
Original cataloging agency SEM
Transcribing agency SEM
041 ## - LANGUAGE CODE
Language code of text/sound track or separate title arm
080 ## - UNIVERSAL DECIMAL CLASSIFICATION NUMBER
Universal Decimal Classification number Ավագ-111
100 ## - MAIN ENTRY--PERSONAL NAME
Personal name Միքայելյան, Կարեն
245 ## - TITLE STATEMENT
Title Հայ ժողովրդական հարստություններն արտասահմանում :
Remainder of title (Կտակներ, նվիրատվություններ և հասարարական գումարներ) /
Statement of responsibility, etc. Կ․ Միքայելյան
246 ## - VARYING FORM OF TITLE
Title proper/short title Армянские народные богатства заграницей /
260 ## - PUBLICATION, DISTRIBUTION, ETC.
Place of publication, distribution, etc. Մոսկվա :
Name of publisher, distributor, etc. Հայաստանի ոգնության կոմիտե,
Date of publication, distribution, etc. 1928.
300 ## - PHYSICAL DESCRIPTION
Extent 72 էջ ;
Dimensions 22 սմ
650 ## - SUBJECT ADDED ENTRY--TOPICAL TERM
Topical term or geographic name entry element Ժառանգական իրավունք
653 ## - INDEX TERM--UNCONTROLLED
Uncontrolled term ՍԷՄ
710 ## - ADDED ENTRY--CORPORATE NAME
Corporate name or jurisdiction name as entry element Հայաստանի ոգնության կոմիտե (ՀՈԿ)
856 ## - ELECTRONIC LOCATION AND ACCESS
Uniform Resource Identifier <a href="https://haygirk.nla.am/upload/1512-1940/1901-1940/miqayelyan_1928.pdf">https://haygirk.nla.am/upload/1512-1940/1901-1940/miqayelyan_1928.pdf</a>
Link text Կարդալ առցանց
942 ## - ADDED ENTRY ELEMENTS (KOHA)
Source of classification or shelving scheme Universal Decimal Classification
Koha item type Գրքեր/Books
Suppress in OPAC No
Holdings
Withdrawn status Lost status Source of classification or shelving scheme Damaged status Not for loan Collection code Home library Current library Date acquired Cost, normal purchase price Inventory number Total Checkouts Full call number Barcode Date last seen Price effective from Koha item type Public note
    Universal Decimal Classification     Գրապահոց Մայր Աթոռ Սուրբ Էջմիածին «Վաչե և Թամար Մանուկյան» Մատենադարան Մայր Աթոռ Սուրբ Էջմիածին «Վաչե և Թամար Մանուկյան» Մատենադարան 07/11/2024 500.00 Ավագ-111   347.6(47.925)/Մ-78 Ավագ-111 07/11/2024 07/11/2024 Գրքեր/Books Սպասարկվում է ընթերցասրահ